[Event "EU-ch Amateur U2300"]
[Site "Zagreb"]
[Date "2022.08.15"]
[Round "2"]
[White "Buchcar, Tomas"]
[Black "Vukic, Aleksandar"]
[Result "1-0"]
[WhiteElo "2208"]
[BlackElo "2073"]
[PlyCount "63"]
[EventDate "2022.08.14"]
[EventType "swiss"]
[EventRounds "9"]
[EventCountry "CRO"]
[SourceTitle "CBM 210 Extra"]
[Source "ChessBase"]
[SourceDate "2022.11.30"]
[SourceVersion "1"]
[SourceVersionDate "2022.11.30"]
[SourceQuality "1"]

1. Nf3 Nf6 2. c4 c6 3. e3 d5 4. b3 Bg4 5. Be2 e6 6. 0-0 Bd6 7. Bb2 Nbd7 8. d3 Qe7 9. Nbd2 0-0 10. Re1 e5 11. e4 d4 12. Nxd4 Bxe2 13. Nxe2 Rad8 14. Qc2 Bb4 15. Red1 Nh5 16. a3 Bxd2 17. Rxd2 Qg5 18. Re1 Nc5 19. Bc1 Rd6 20. d4 Rg6 21. Ng3 exd4 22. Rxd4 Qe5 23. Bb2 Nf4 24. b4 Nce6 25. Rd5 Qc7 26. Rf5 h5 27. Be5 Qe7 28. Bxf4 Nd4 29. Qc3 Rd8 30. Rxh5 Rg4 31. Be5 Rxg3 32. hxg3 1-0

[Event "Hum na Sutli op 12th"]
[Site "Hum na Sutli"]
[Date "2018.08.25"]
[Round "2"]
[White "Vukic, Aleksandar"]
[Black "Zufic, Miroslav"]
[Result "0-1"]
[WhiteElo "2064"]
[BlackElo "2387"]
[PlyCount "108"]
[EventDate "2018.08.25"]
[EventType "swiss"]
[EventRounds "9"]
[EventCountry "CRO"]
[SourceTitle "CBM 186 Extra"]
[Source "ChessBase"]
[SourceDate "2018.08.24"]
[SourceVersion "1"]
[SourceVersionDate "2018.08.24"]
[SourceQuality "1"]

1. d4 Nf6 2. c4 e6 3. Nc3 Bb4 4. e3 0-0 5. Nge2 c6 6. a3 Ba5 7. b4 Bc7 8. Bb2 d5 9. Ng3 Nbd7 10. c5 e5 11. Be2 Re8 12. 0-0 Nf8 13. a4 Ne6 14. Na2 exd4 15. Bxd4 Nxd4 16. exd4 g6 17. Nc3 h5 18. Re1 Ng4 19. Bxg4 Rxe1+ 20. Qxe1 Bxg4 21. Qd2 Qf6 22. Re1 Bf4 23. Qd3 h4 24. Nf1 Bf5 25. Qd1 h3 26. g3 Bc7 27. Qd2 Kg7 28. Ne3 Bd7 29. f4 Re8 30. Nc2 Rxe1+ 31. Nxe1 Bg4 32. Qe3 Kf8 33. Nd3 Qf5 34. Kf2 f6 35. Ke1 g5 36. Kd2 Kf7 37. a5 a6 38. fxg5 fxg5 39. Nf2 Bh5 40. Nd3 Bg6 41. Qf2 Bf4+ 42. Nxf4 Qc2+ 43. Ke3 Qxc3+ 44. Nd3+ Kg7 45. Qd2 Qb3 46. g4 Bxd3 47. Qxd3 Qxb4 48. Qf5 Qe1+ 49. Kf3 Qf1+ 50. Ke3 Qxf5 51. gxf5 Kf6 52. Kf3 Kxf5 53. Kg3 g4 54. Kh4 Kf4 0-1

[Event "Zagreb Damjanovic Memorial 1st"]
[Site "Zagreb"]
[Date "2016.11.13"]
[Round "5"]
[White "Vukic, Aleksandar"]
[Black "Bozinovic, Bogdan"]
[Result "0-1"]
[WhiteElo "2074"]
[BlackElo "2221"]
[PlyCount "72"]
[EventDate "2016.11.10"]
[EventType "swiss"]
[EventRounds "9"]
[EventCountry "CRO"]
[SourceTitle "CBM 175 Extra"]
[Source "ChessBase"]
[SourceDate "2016.12.12"]
[SourceVersion "1"]
[SourceVersionDate "2016.12.12"]
[SourceQuality "1"]

1. d4 Nf6 2. c4 c5 3. d5 e6 4. Nc3 exd5 5. cxd5 d6 6. e4 g6 7. Bd3 Bg7 8. Nge2 0-0 9. 0-0 a6 10. Bg5 b5 11. Qd2 Re8 12. f3 Nbd7 13. Ng3 Ne5 14. Be2 Qb6 15. Rae1 h5 16. Nd1 Ned7 17. Nf2 Bb7 18. Kh1 Nh7 19. Bh4 c4 20. f4 Rac8 21. e5 dxe5 22. f5 Qd4 23. Qxd4 exd4 24. Nfe4 Bxd5 25. Nd6 g5 26. Bxg5 Nxg5 27. Nxh5 d3 28. f6 dxe2 29. Rf5 Nxf6 30. Rxg5 Nxh5 31. Rxh5 Be6 32. h3 Bxb2 33. Rg5+ Kf8 34. Rxe2 Bf6 35. Rh5 c3 36. Rc2 Rcd8 0-1

[Event "Zagreb Damjanovic Memorial 1st"]
[Site "Zagreb"]
[Date "2016.11.11"]
[Round "2"]
[White "Vukic, Aleksandar"]
[Black "Rogulj, Branko"]
[Result "0-1"]
[WhiteElo "2074"]
[BlackElo "2380"]
[PlyCount "70"]
[EventDate "2016.11.10"]
[EventType "swiss"]
[EventRounds "9"]
[EventCountry "CRO"]
[SourceTitle "CBM 175 Extra"]
[Source "ChessBase"]
[SourceDate "2016.12.12"]
[SourceVersion "1"]
[SourceVersionDate "2016.12.12"]
[SourceQuality "1"]

1. e4 Nf6 2. e5 Nd5 3. d4 d6 4. c4 Nb6 5. exd6 exd6 6. Bd3 Be7 7. Qc2 Nc6 8. Qc3 Bf6 9. Be3 0-0 10. Ne2 Re8 11. 0-0 Bg4 12. Nf4 Bd7 13. b3 g6 14. Nd2 Bg7 15. Rac1 Ne7 16. Qa5 Bf5 17. Be2 Nc6 18. Qc3 Qf6 19. Nf3 Be4 20. Rfd1 Ne7 21. Qd2 Nf5 22. c5 Nxe3 23. fxe3 Nd5 24. Nxd5 Bxd5 25. cxd6 cxd6 26. Rf1 Qe7 27. Rc3 Bh6 28. Kf2 a6 29. Bc4 Be4 30. Re1 b5 31. Bd3 Bxf3 32. gxf3 Qh4+ 33. Kg2 Bf4 34. Kg1 Bxh2+ 35. Kf1 Bg3 0-1

[Event "CRO-chT2 Center 25th"]
[Site "Croatia"]
[Date "2016.03.13"]
[Round "2.24"]
[White "Sokac, Marko"]
[Black "Vukic, Aleksandar"]
[Result "0-1"]
[WhiteElo "2162"]
[BlackElo "2151"]
[PlyCount "46"]
[EventDate "2016.03.13"]
[EventType "team-tourn"]
[EventRounds "11"]
[EventCountry "CRO"]
[SourceTitle "EXT 2019"]
[Source "ChessBase"]
[SourceDate "2018.10.10"]
[SourceVersion "1"]
[SourceVersionDate "2018.10.10"]
[SourceQuality "1"]

1. e4 c5 2. Nf3 e6 3. d4 cxd4 4. Nxd4 Nc6 5. Nc3 Qc7 6. g3 d6 7. Ndb5 Qb8 8. Bf4 Ne5 9. Bxe5 dxe5 10. Qd3 Bd7 11. 0-0-0 Nf6 12. Qc4 Bc6 13. Bh3 Qc8 14. Rd6 a6 15. Rxe6+ fxe6 16. Bxe6 axb5 17. Nxb5 Bxb5 18. Qxb5+ Qc6 19. Qxe5 Bd6 20. Qg5 Qxe4 21. Qxg7 Qxh1+ 22. Kd2 Rf8 23. Qxb7 Qxb7 0-1

[Event "CRO-chT2 Center"]
[Site "Croatia"]
[Date "2015.04.26"]
[Round "6.53"]
[White "Ivekovic, Mario"]
[Black "Vukic, Aleksandar"]
[Result "1/2-1/2"]
[WhiteElo "2223"]
[BlackElo "2124"]
[PlyCount "104"]
[EventDate "2015.03.22"]
[EventType "team-tourn"]
[EventRounds "11"]
[EventCountry "CRO"]
[SourceTitle "EXT 2016"]
[Source "ChessBase"]
[SourceDate "2015.10.08"]
[SourceVersion "1"]
[SourceVersionDate "2015.10.08"]
[SourceQuality "1"]

1. e4 c5 2. d3 d6 3. g3 g6 4. Bg2 Bg7 5. Ne2 Nc6 6. 0-0 Nf6 7. c3 0-0 8. d4 e5 9. dxc5 dxc5 10. Qc2 Be6 11. Rd1 Qe7 12. Bg5 Rfd8 13. Nd2 Rd7 14. Nf1 Rad8 15. Ne3 h6 16. Bxf6 Bxf6 17. Nd5 Bxd5 18. exd5 Na5 19. Re1 Qf8 20. c4 Be7 21. b3 Bd6 22. f4 exf4 23. Nxf4 Qg7 24. Nd3 b6 25. Rad1 Nb7 26. Re4 Re7 27. Rde1 Rde8 28. Rxe7 Rxe7 29. Rxe7 Bxe7 30. Qe2 Qd4+ 31. Nf2 Bg5 32. Bh3 Be3 33. Bg2 Bxf2+ 34. Qxf2 Qxf2+ 35. Kxf2 Kg7 36. Ke3 Nd6 37. Be4 f5 38. Bd3 Kf6 39. Bc2 Ke5 40. Bd3 g5 41. h4 f4+ 42. gxf4+ gxf4+ 43. Kf3 a6 44. Bg6 b5 45. Bd3 bxc4 46. bxc4 a5 47. a4 h5 48. Bg6 Nxc4 49. Bxh5 Nd2+ 50. Ke2 Ne4 51. Bf3 Nd6 52. Kd3 Kf5 1/2-1/2

[Event "CRO-chT3 Center-A"]
[Site "Zagreb"]
[Date "2011.10.16"]
[Round "8.11"]
[White "Ivekovic, Mario"]
[Black "Vukic, Aleksandar"]
[Result "1/2-1/2"]
[WhiteElo "2220"]
[BlackElo "2141"]
[PlyCount "22"]
[EventDate "2011.03.13"]
[EventType "team-tourn"]
[EventRounds "11"]
[EventCountry "CRO"]
[SourceTitle "EXT 2014"]
[Source "ChessBase"]
[SourceDate "2013.11.20"]
[SourceVersion "1"]
[SourceVersionDate "2013.11.20"]
[SourceQuality "1"]

1. e4 c5 2. g3 d5 3. exd5 Qxd5 4. Qf3 Qe5+ 5. Ne2 Nc6 6. c3 Bf5 7. Bg2 Nf6 8. Qe3 Qxe3 9. Bxc6+ bxc6 10. fxe3 Be4 11. Rg1 Ng4 1/2-1/2

[Event "CRO-chT3 Center-A"]
[Site "Zagreb"]
[Date "2011.04.03"]
[Round "4.35"]
[White "Vukic, Aleksandar"]
[Black "Galoic, Boris"]
[Result "1-0"]
[WhiteElo "2141"]
[BlackElo "1978"]
[PlyCount "147"]
[EventDate "2011.03.13"]
[EventType "team-tourn"]
[EventRounds "11"]
[EventCountry "CRO"]
[SourceTitle "EXT 2014"]
[Source "ChessBase"]
[SourceDate "2013.11.20"]
[SourceVersion "1"]
[SourceVersionDate "2013.11.20"]
[SourceQuality "1"]

1. Nf3 Nf6 2. d4 d5 3. c4 c6 4. Nc3 e6 5. e3 Be7 6. Bd3 0-0 7. 0-0 b6 8. Qc2 Bb7 9. e4 dxe4 10. Nxe4 Nbd7 11. Rd1 Qc7 12. Bg5 h6 13. Bh4 Qd8 14. Nc3 Nh5 15. Bxe7 Qxe7 16. Re1 Qd8 17. Rad1 Nf4 18. Bf1 Rc8 19. Qe4 Qc7 20. g3 Ng6 21. Bh3 Nf6 22. Qd3 Rcd8 23. Bxe6 Nf4 24. gxf4 fxe6 25. Qe3 Bc8 26. Ne5 Nh5 27. Ne2 c5 28. Qf3 Nf6 29. dxc5 Qxc5 30. Nc3 Nh7 31. Ne4 Qc7 32. Qg4 Nf6 33. Nxf6+ Rxf6 34. Rxd8+ Qxd8 35. Rd1 Qe7 36. Rd4 Kh7 37. Qd1 Rf5 38. Qd3 g5 39. Nf3 Kg7 40. fxg5 hxg5 41. Rg4 Kf6 42. Qd4+ e5 43. Qe3 Qd6 44. Nd2 Bb7 45. h4 Rf4 46. hxg5+ Kf7 47. Rg3 Kg6 48. Qd3+ Qxd3 49. Rxd3 Kxg5 50. Rd7 Rg4+ 51. Kf1 Bg2+ 52. Ke2 a6 53. f3 Bxf3+ 54. Nxf3+ Kf4 55. Rf7+ Ke4 56. Nd2+ Kd4 57. Rd7+ Kc5 58. Rd5+ Kc6 59. Rxe5 b5 60. c5 b4 61. Kd3 a5 62. Ne4 Rg2 63. Nd2 Rg3+ 64. Kd4 Rg2 65. Re6+ Kd7 66. Rd6+ Kc7 67. Kc4 Rg4+ 68. Kb5 Rg5 69. Rh6 Rd5 70. Rh7+ Kd8 71. Nc4 Rg5 72. Nd6 Rg2 73. Kc6 Rxb2 74. Rd7# 1-0

[Event "CRO-chT3A Center"]
[Site "Zagreb"]
[Date "2010.04.25"]
[Round "5.66"]
[White "Vukic, Aleksandar"]
[Black "Maslac, Zvonimir"]
[Result "0-1"]
[WhiteElo "2155"]
[BlackElo "2101"]
[PlyCount "64"]
[EventDate "2010.03.21"]
[EventType "team-tourn"]
[EventRounds "11"]
[EventCountry "CRO"]
[SourceTitle "EXT 2012"]
[Source "ChessBase"]
[SourceDate "2011.11.24"]
[SourceVersion "1"]
[SourceVersionDate "2011.11.24"]
[SourceQuality "1"]

1. d4 d5 2. c4 c6 3. Nf3 Nf6 4. Nc3 dxc4 5. a4 Bf5 6. e3 e6 7. Bxc4 Nbd7 8. Nh4 Bg6 9. Nxg6 hxg6 10. e4 Bb4 11. Qf3 Nb6 12. Bd3 Qxd4 13. 0-0 e5 14. Ne2 Qd6 15. a5 Nbd7 16. Bc2 Nc5 17. Rd1 Qe6 18. b3 Qg4 19. Bb2 Qxf3 20. gxf3 Ncd7 21. Ra4 Bc5 22. Rc4 a6 23. f4 Ng4 24. Rxd7 Bxf2+ 25. Kg2 Kxd7 26. Kf3 Ne3 27. Kxf2 Nxc4 28. bxc4 Rxh2+ 29. Kf3 Rah8 30. fxe5 R8h3+ 31. Kg4 Rxe2 32. Kxh3 Rxc2 0-1

[Event "CRO-chT3"]
[Site "Zagreb"]
[Date "2009.04.19"]
[Round "5"]
[White "Mihalic, Goran"]
[Black "Vukic, Aleksandar"]
[Result "1/2-1/2"]
[WhiteElo "2050"]
[BlackElo "2181"]
[PlyCount "88"]
[EventDate "2009.03.08"]
[EventType "team-tourn"]
[EventRounds "9"]
[EventCountry "CRO"]
[SourceTitle "EXT 2011"]
[Source "ChessBase"]
[SourceDate "2010.11.26"]
[SourceVersion "1"]
[SourceVersionDate "2010.11.26"]
[SourceQuality "1"]

1. e4 e5 2. Nf3 Nc6 3. Bb5 a6 4. Ba4 Nf6 5. 0-0 Be7 6. Re1 b5 7. Bb3 d6 8. c3 0-0 9. h3 h6 10. d4 Re8 11. Nbd2 Bb7 12. d5 Nb8 13. Nf1 Bf8 14. Ng3 g6 15. Nh2 Nbd7 16. Ng4 Nxg4 17. Qxg4 Nc5 18. Bc2 Bc8 19. Qe2 Qh4 20. b4 Na4 21. c4 Bd7 22. Bxa4 bxa4 23. Bd2 Bg7 24. Rac1 f5 25. exf5 gxf5 26. Qh5 Qf6 27. Bc3 Re7 28. f4 Rf8 29. c5 Be8 30. Qd1 Qg6 31. Ne2 Bf6 32. Kh1 Rg7 33. Rg1 Bb5 34. Rc2 h5 35. fxe5 dxe5 36. Qa1 Bd3 37. Rd2 Be4 38. Bxe5 Qg5 39. Nf4 Bxe5 40. Qxe5 Re7 41. Ne6 Qxd2 42. Qg3+ Kh8 43. Qe5+ Kg8 44. Qg3+ Kh8 1/2-1/2

[Event "CRO-chT3"]
[Site "Zagreb"]
[Date "2009.03.15"]
[Round "2"]
[White "Stankovic, Andrej"]
[Black "Vukic, Aleksandar"]
[Result "0-1"]
[WhiteElo "2117"]
[BlackElo "2181"]
[PlyCount "66"]
[EventDate "2009.03.08"]
[EventType "team-tourn"]
[EventRounds "9"]
[EventCountry "CRO"]
[SourceTitle "EXT 2011"]
[Source "ChessBase"]
[SourceDate "2010.11.26"]
[SourceVersion "1"]
[SourceVersionDate "2010.11.26"]
[SourceQuality "1"]

1. e4 c5 2. f4 e6 3. Nf3 d5 4. Bb5+ Bd7 5. Bxd7+ Nxd7 6. exd5 exd5 7. 0-0 Bd6 8. Re1+ Ne7 9. Nc3 0-0 10. Ne5 Nf6 11. Qf3 Nf5 12. Nxd5 Nd4 13. Nxf6+ gxf6 14. Qg3+ Kh8 15. Ng4 Nxc2 16. b3 Nxe1 17. Bb2 Be5 18. fxe5 Nd3 19. Nxf6 Nxb2 20. Qh3 Qd4+ 21. Kh1 Qd3 22. Qh4 Qg6 23. Rf1 Rad8 24. h3 Rxd2 25. Ng4 Rd1 26. Rxd1 Nxd1 27. Qe7 Rg8 28. Qxc5 h5 29. Qd4 hxg4 30. e6+ f6 31. e7 gxh3 32. g3 Nc3 33. Qxc3 Qe4+ 0-1

[Event "CRO-chT3"]
[Site "Zagreb"]
[Date "2009.03.08"]
[Round "1"]
[White "Takac, Zvonko"]
[Black "Vukic, Aleksandar"]
[Result "1-0"]
[WhiteElo "2138"]
[BlackElo "2181"]
[PlyCount "49"]
[EventDate "2009.03.08"]
[EventType "team-tourn"]
[EventRounds "9"]
[EventCountry "CRO"]
[SourceTitle "EXT 2011"]
[Source "ChessBase"]
[SourceDate "2010.11.26"]
[SourceVersion "1"]
[SourceVersionDate "2010.11.26"]
[SourceQuality "1"]

1. f4 Nf6 2. Nf3 c5 3. e3 g6 4. b3 Bg7 5. Bb2 0-0 6. Nc3 Nc6 7. Bb5 d6 8. Bxc6 bxc6 9. 0-0 Ba6 10. d3 Rb8 11. Rb1 c4 12. dxc4 Ng4 13. Re1 Bxc4 14. Nd4 e5 15. Nxc6 Qh4 16. h3 Qf2+ 17. Kh1 Nxe3 18. Rxe3 Qxe3 19. Nxb8 e4 20. bxc4 Bxc3 21. Bxc3 Qxc3 22. Nd7 Rd8 23. Qxd6 Qxc2 24. Rb8 Rxb8 25. Qxb8+ 1-0

[Event "Zagreb op"]
[Site "Zagreb"]
[Date "2007.03.25"]
[Round "9"]
[White "Kristovic, Marijan"]
[Black "Vukic, Aleksandar"]
[Result "1-0"]
[WhiteElo "2296"]
[BlackElo "2193"]
[PlyCount "65"]
[EventDate "2007.03.17"]
[EventType "swiss"]
[EventRounds "9"]
[EventCountry "CRO"]
[SourceTitle "CBM 117 Extra"]
[Source "ChessBase"]
[SourceDate "2007.05.09"]
[SourceVersion "1"]
[SourceVersionDate "2007.05.09"]
[SourceQuality "1"]

1. e4 c5 2. Nf3 d6 3. d4 cxd4 4. Nxd4 Nf6 5. Nc3 e6 6. f4 Nc6 7. Be3 e5 8. Nxc6 bxc6 9. Be2 Qa5 10. 0-0 Be7 11. Kh1 Rb8 12. Rb1 0-0 13. a3 Ba6 14. b4 Bxe2 15. Qxe2 Qc7 16. fxe5 dxe5 17. Rb3 a5 18. Qc4 axb4 19. axb4 Ng4 20. Nd5 Nxe3 21. Rxe3 Qd6 22. Qxc6 Rbc8 23. Qxd6 Bxd6 24. c3 f6 25. g4 h6 26. h4 Kf7 27. Kg2 Ke6 28. h5 Ra8 29. c4 Ra2+ 30. Rf2 Ra1 31. c5 Be7 32. Rd2 Rfa8 33. Nc7+ 1-0